[Event "Calvia Amateur op 16th"]
[Site "Calvia"]
[Date "2019.10.10"]
[Round "6"]
[White "Meneses Barahona, Roberto"]
[Black "Ramis Sebastia, Jordi Salvador"]
[Result "0-1"]
[WhiteElo "1243"]
[BlackElo "1576"]
[PlyCount "68"]
[EventDate "2019.10.05"]
[EventType "swiss"]
[EventRounds "9"]
[EventCountry "ESP"]
[SourceTitle "CBM 192 Extra"]
[Source "Chessbase"]
[SourceDate "2019.11.06"]
[SourceVersion "1"]
[SourceVersionDate "2019.11.06"]
[SourceQuality "1"]

1. e4 c5 2. Bc4 Nc6 3. Nf3 d6 4. 0-0 Bg4 5. d3 Nf6 6. Bg5 e6 7. Nbd2 Be7 8. Qe1 0-0 9. h3 Bh5 10. e5 dxe5 11. Nxe5 Nd4 12. g4 Bg6 13. Rc1 h6 14. Bxf6 Bxf6 15. Nxg6 fxg6 16. c3 Nc6 17. Qxe6+ Kh7 18. Ne4 Bh4 19. Nxc5 Qc7 20. Ne4 Ne5 21. Qd6 Nf3+ 22. Kg2 Qc8 23. Bd5 Qe8 24. Rc2 Rd8 25. Qe6 Qb5 26. Bc4 Qa5 27. Nd6 Qc7 28. Nf7 Qh2+ 29. Kxf3 Qxh3+ 30. Ke2 Rde8 31. d4 Rxe6+ 32. Bxe6 Re8 33. d5 Qxg4+ 34. f3 Qg2+ 0-1

[Event "Calvia Amateur op 16th"]
[Site "Calvia"]
[Date "2019.10.09"]
[Round "5"]
[White "Rossello Sanchez, Bartolome"]
[Black "Meneses Barahona, Roberto"]
[Result "1-0"]
[WhiteElo "1614"]
[BlackElo "1243"]
[PlyCount "55"]
[EventDate "2019.10.05"]
[EventType "swiss"]
[EventRounds "9"]
[EventCountry "ESP"]
[SourceTitle "CBM 192 Extra"]
[Source "Chessbase"]
[SourceDate "2019.11.06"]
[SourceVersion "1"]
[SourceVersionDate "2019.11.06"]
[SourceQuality "1"]

1. c4 e6 2. g3 c5 3. Bg2 Nf6 4. e3 Be7 5. Ne2 0-0 6. 0-0 Nc6 7. b3 b6 8. d4 cxd4 9. exd4 d5 10. Nbc3 Ba6 11. Re1 Rc8 12. cxd5 exd5 13. a3 Na5 14. Bd2 Re8 15. Nf4 Bb7 16. Bh3 Rc7 17. Nb5 Ne4 18. Nxc7 Qxc7 19. Rc1 Qb8 20. Bxa5 Bxa3 21. Ra1 Bb2 22. Ra2 Bc3 23. Bxc3 Nxc3 24. Rxe8+ Qxe8 25. Qd2 Nxa2 26. Qxa2 Qe1+ 27. Bf1 a5 28. Qe2 1-0